000 00657nas a2200217 4500
001 BR7903086
003 BR-BrBNA
005 20231205083728.0
007 ta
008 230509b bl.|||p| |||| 00| 00por d
040 _aBR-BrBNA
_bpor
_cBiblioteca Nacional de Agricultura
041 _a(Pt)
072 _aL40
100 1 _aSantos, R. DE F.
245 1 _aJUMENTO DO Brasil descende do africano e do europeu [Equus asinus]
650 _aEstrutura animal
650 _aJumento
773 0 _tAgricultura e Pecuaria (Brazil)
_xISSN 0100-249X
_g(Sep 1978), (no. 625) p. 33-35
_wBR7903086
909 _a202311
_bLúcia
_c55
_dLúcia Elande
942 _2AGRIS
_n0
_cANA
999 _c100818
_d100818